<?xml version="1.0" encoding="UTF-8"?><?xml-stylesheet type="text/xsl" href="static/style.xsl"?><OAI-PMH xmlns="http://www.openarchives.org/OAI/2.0/" xmlns:xsi="http://www.w3.org/2001/XMLSchema-instance" xsi:schemaLocation="http://www.openarchives.org/OAI/2.0/ http://www.openarchives.org/OAI/2.0/OAI-PMH.xsd"><responseDate>2026-04-13T04:51:22Z</responseDate><request verb="GetRecord" identifier="oai:www.recercat.cat:2117/26508" metadataPrefix="marc">https://recercat.cat/oai/request</request><GetRecord><record><header><identifier>oai:recercat.cat:2117/26508</identifier><datestamp>2025-07-17T06:54:26Z</datestamp><setSpec>com_2072_1033</setSpec><setSpec>col_2072_452950</setSpec></header><metadata><record xmlns="http://www.loc.gov/MARC21/slim" xmlns:dcterms="http://purl.org/dc/terms/" xmlns:xsi="http://www.w3.org/2001/XMLSchema-instance" xmlns:doc="http://www.lyncode.com/xoai" xsi:schemaLocation="http://www.loc.gov/MARC21/slim http://www.loc.gov/standards/marcxml/schema/MARC21slim.xsd">
   <leader>00925njm 22002777a 4500</leader>
   <datafield ind2=" " ind1=" " tag="042">
      <subfield code="a">dc</subfield>
   </datafield>
   <datafield ind2=" " ind1=" " tag="720">
      <subfield code="a">Minguella Canela, Joaquim</subfield>
      <subfield code="e">author</subfield>
   </datafield>
   <datafield ind2=" " ind1=" " tag="720">
      <subfield code="a">Buj Corral, Irene</subfield>
      <subfield code="e">author</subfield>
   </datafield>
   <datafield ind2=" " ind1=" " tag="720">
      <subfield code="a">Gomà Ayats, Joan Ramon</subfield>
      <subfield code="e">author</subfield>
   </datafield>
   <datafield ind2=" " ind1=" " tag="260">
      <subfield code="c">2014</subfield>
   </datafield>
   <datafield ind2=" " ind1=" " tag="520">
      <subfield code="a">Agile Manufacturing, Intelligent systems, Algorithms</subfield>
   </datafield>
   <datafield ind2=" " ind1=" " tag="520">
      <subfield code="a">Building in previous works of the authors, the present paper focuses on the extension of the&#xd;
Algorithms described for the specific case study of binary systems (systems in which each variable&#xd;
can take one out of two values), to cases that also incorporate continuous variables (those which can&#xd;
take any continuous value within a range). This extension of the Algorithms makes possible the&#xd;
incorporation of new possibilities and functionalities for the treatment of the information received by&#xd;
the sensors of the manufacturing systems and in particular reduce the number of variables in which to&#xd;
monitor the states and costs of execution. The Construction of World Models based on this logical&#xd;
theory -that incorporates the knowledge derived from the results of a set of experiments conducted by&#xd;
the system utilizing a set of different algorithms- is applicable to a wide range of production systems&#xd;
topologies, which is also visited in the present work.</subfield>
   </datafield>
   <datafield ind2=" " ind1=" " tag="520">
      <subfield code="a">Postprint (published version)</subfield>
   </datafield>
   <datafield tag="653" ind2=" " ind1=" ">
      <subfield code="a">Àrees temàtiques de la UPC::Enginyeria mecànica::Fabricació</subfield>
   </datafield>
   <datafield tag="653" ind2=" " ind1=" ">
      <subfield code="a">Intelligent Systems and Machines</subfield>
   </datafield>
   <datafield ind2="0" ind1="0" tag="245">
      <subfield code="a">Implementation of intelligent manufacturing algorithms in agile architectures for production: world models for systems incorporating binary and continuous variables</subfield>
   </datafield>
</record></metadata></record></GetRecord></OAI-PMH>